00853nam a2200253Ia 450000500170000000800410001702000150005804100080007310000300008124500820011125000220019326400310021530000320024633600270027833700330030533800280033849000280036665000490039465000490044365000270049270000340051904000350055308400110058820220316235210.0121119s1997 sp a gr 000 j spa  a84246236490 aspa1 aAlcantara, Ricardod1946-10aSinbarba y la princesa cRicardo Alcántara ; ilustraciones, Roser Capdevila aPrimera edición 1aBarcelonabLa Galerac1997 a18 páginasbilustraciones atextobtxt2rdacontent asin mediaciónbn2rdamedia avolumenbnc2rdacarrier0 aLos secretos del pirata142LEMBaCuentos infantiles uruguayosvSiglo XX142LEMBaLiteratura infantil uruguayaySiglo XX142LEMBaPiratasvCuentos1 aCapdevila, Roser eilustrador aCO-BoRNBPbspaerdacCO-BoRNBP aC ALC2